000 00666nam a2200229Ia 4500
005 20250508164031.0
008 008 250505s9999 xx 000 0 eng d
020 _a0-7619-9677-X
037 _aTextual
040 _aFEDL
_beng
_cFEDL
041 _aeng
_2eng
084 _a371.9, KAR
_qFEDL
100 _aKaranth Prathibha Ed.
_9400623
245 0 _aLearning disabilities in India: Willing the mind to learn
260 _aNew Delhi, India
_bSage Publications
_c2008
300 _a183p
365 _aINR
_b350
650 _aSpecial education
700 _a Rozario Joe Ed.
_9777127
942 _cTEXL
_h371.9, KAR
999 _c1386686
_d1386686